South Indian Music : (Record no. 46120)
[ view plain ]
| 000 -LEADER | |
|---|---|
| fixed length control field | 01718nam a22002177a 4500 |
| 003 - CONTROL NUMBER IDENTIFIER | |
| control field | CUTN |
| 005 - DATE AND TIME OF LATEST TRANSACTION | |
| control field | 20251111112325.0 |
| 008 - FIXED-LENGTH DATA ELEMENTS--GENERAL INFORMATION | |
| fixed length control field | 251111b ||||| |||| 00| 0 eng d |
| 041 ## - LANGUAGE CODE | |
| Language | English |
| 082 ## - DEWEY DECIMAL CLASSIFICATION NUMBER | |
| Edition number | 23 |
| Classification number | 780.9548 |
| Item number | SAM |
| 100 ## - MAIN ENTRY--PERSONAL NAME | |
| Personal name | Sambamoorthy, P. |
| 245 ## - TITLE STATEMENT | |
| Title | South Indian Music : |
| Remainder of title | Book 3/ |
| 260 ## - PUBLICATION, DISTRIBUTION, ETC. (IMPRINT) | |
| Place of publication, distribution, etc | Chennai : |
| Name of publisher, distributor, etc | The Indian Music Publishing House, |
| Date of publication, distribution, etc | 2019. |
| 300 ## - PHYSICAL DESCRIPTION | |
| Extent | 472 p. : |
| Other physical details | ill. ; |
| 500 ## - GENERAL NOTE | |
| General note | In the seventh edition, the theoreticai portions have been further enlarged. Model Appreciation essays on six kritis of Tyagaraja have been added at the end. Some more technical terms have been explained in Chapter XII.<br/><br/> <br/><br/>Topics like Analytical and Synthetic portrayal of Ragas in musical compositions and the utility of Sutra gitas are additions to this edition.<br/><br/> <br/><br/>The book has been carefully revised and brought up-to-date.6 Volume Book. |
| 505 ## - FORMATTED CONTENTS NOTE | |
| Title | I.<br/><br/>Raga<br/><br/>1<br/><br/>II.<br/><br/>The 72 Melakartas<br/><br/>32<br/><br/>III.<br/><br/>Janya Ragas : Computation<br/><br/>69<br/><br/>IV.<br/><br/>Raga Lakshana<br/><br/>79<br/><br/>V.<br/><br/>Ta1a<br/><br/>101<br/><br/>VI.<br/><br/>Musical Form<br/><br/>116<br/><br/>VII.<br/><br/>Musical Form (cond.)<br/><br/>185<br/><br/>VII.<br/><br/>Folk Music<br/><br/>225<br/><br/>IX.<br/><br/>Musica1 Instruments<br/><br/>247<br/><br/>X.<br/><br/>Sangita Mela- Orchestra<br/><br/>278<br/><br/>XI.<br/><br/>Musical Compositions (Lakshana gita and Tan varnas)<br/><br/>288<br/><br/>XII.<br/><br/>Technical Terms<br/><br/>308<br/><br/>XIII.<br/><br/>Description of Ragas<br/><br/>345<br/><br/> <br/><br/>Appendix:<br/><br/> <br/><br/> <br/><br/>Arohana and Avarohana of Ragas<br/><br/>400<br/><br/> <br/><br/>Questions<br/><br/>441<br/><br/> <br/><br/>Musical Aphorism<br/><br/>445<br/><br/> <br/><br/>Sutra Gitas<br/><br/>446<br/><br/> <br/><br/>Model Appreciation Essays<br/><br/>447<br/><br/> <br/><br/>Analytical and Synthetic portrayal of Ragas<br/><br/>469<br/><br/> |
| Contents | Table of Contents |
| 650 ## - SUBJECT ADDED ENTRY--TOPICAL TERM | |
| Topical term or geographic name as entry element | Carnatic music. |
| 650 ## - SUBJECT ADDED ENTRY--TOPICAL TERM | |
| Topical term or geographic name as entry element | Raga. |
| 690 ## - LOCAL SUBJECT ADDED ENTRY--TOPICAL TERM (OCLC, RLIN) | |
| Department Name | Music |
| 942 ## - ADDED ENTRY ELEMENTS (KOHA) | |
| Source of classification or shelving scheme | Dewey Decimal Classification |
| Koha item type | Reference Books |
| Withdrawn status | Lost status | Source of classification or shelving scheme | Damaged status | Not for loan | Collection code | Home library | Location | Shelving location | Date of Cataloging | Total Checkouts | Full call number | Barcode | Date last seen | Price effective from | Koha item type |
|---|---|---|---|---|---|---|---|---|---|---|---|---|---|---|---|
| Dewey Decimal Classification | Reference | CUTN Central Library | CUTN Central Library | Reference | 11/11/2025 | 780.9548 SAM | 49228 | 11/11/2025 | 11/11/2025 | Reference Books |
